MDQL
is popping MORE tags! Check the
thread
!
Quizzes
Events
Quiz Creation
Community
Videos
Private Events
Remove Ads
Sign In
Join for FREE
Feedback
Dark Mode
Quiz Categories
Sports
Geography
Music
Movies
Television
Just For Fun
Miscellaneous
History
Literature
Language
Science
Gaming
Entertainment
Religion
Holiday
For Kids
Quiz Lab
Recent
Popular Today
Quiz Kudos Today
Editor Picks
Curator Picks
Quizzes by...
Day
Popularity
Type
Ratings
Length
Year
Community
Subscriptions
Recent Discussions
Orange Saloon
Badges
Playlists
Quests
Create
Leaderboards
Showdown
Live 5
Trivia Bingo
Activity
Puzzle Library
Sporcle Events
Private Events
Virtual Trivia
Globe League
Become a Host
Pub Owners
SporcleCon
Opinionation
Our Games
Videos
Blog
Mobile Apps
Partnerships
Remove Ads and Go Orange
Feedback
Television
TV Characters
TV Show
Sitcom
Network
Friends
Reality Shows
Cast
South Park
Star Trek
The Simpsons
Doctor Who
Television
TV Characters
TV Show
Sitcom
Network
Friends
Reality Shows
Cast
South Park
Star Trek
The Simpsons
Doctor Who
Random Quiz
Search Sporcle
×
Quiz Lab
Quiz Lab
Television
Star Trek
Type in answers that appear in a list
Type in answers that appear in a list
Classic
Best Score? Go Orange.
Star Trek Casualties Stats
Can you name the causes of death for these Star Trek characters?
By
Neville
5m
14 Questions
225 Plays
225 Plays
225 Plays
Comments
Comments
Give Quiz Kudos
Give Quiz Kudos
-
- Ratings
hide this ad
More Info
Replay
Link that replays current quiz
Next Quiz
Link to next quiz in quiz playlist
You Got
0%
They Got
Avg Score
40%
Avg Friend Score
Upgrade to see
Score Distribution
Jump to the score distribution portion of the page
Score
0/14
Timer
05:00
0
Plays Today
character
cause of death
% Correct
Spock
severe radiation burns
74.2%
Gary Mitchell
shot by Kirk
61.8%
Karen Tracy
stabbed
54.2%
Adam
poison fruit
50.2%
Arlene Galway
accelerated aging
47.6%
Crewman Green
salt depletion
46.2%
Commander Sonak
transporter accident
42.7%
character
cause of death
% Correct
Matt Decker
suicide
41.3%
Leonard McCoy
impaled by Black Knight
34.2%
Tasha Yar
heavy synaptic damage
28.9%
Lee Kelso
strangled
26.7%
Charles Tucker III
massive plasma burns
24.4%
Lieutenant Kaplan
vaporized by lightning
21.3%
Robert Tomlinson
phaser coolant exposure
14.2%
Quiz Playlist
Details
Report
Send in Message
Add To Playlist
More Info:
Just because these characters died doesn't mean they all STAYED dead . . .
Classic:
Type in answers that appear in a list
Quiz Source
Last Updated: Feb 16, 2017
Quiz Scoreboard
CHALLENGE
Sign Up to Join the Scoreboard
Show All
Scores
Hide
Comments
May contain spoilers
Recently Published
1-10 Letter E Words III
by El_Dandy
Language
2m
Street Fighter Characters
by Artimus82
Gaming
60s
College Basketball Coaching Resumes
by pancakes188
Sports
9m
More to Explore
Quiz From the Vault
Featured Blog Post
Where Did the Easter Bunny Come From?
hide this ad
You Might Also Like...
Tags
Star Trek Quiz
Casualty
TOS
TOS Episodes
Today's Top Quizzes in Television
Browse Television
hide this ad
Today's Top Quizzes in Star Trek
Browse Star Trek
Top Contributed Quizzes in Television
1
5-to-1: The Simpsons Families
2
Adjectives in 80s TV Shows
3
Adjectives in 00s TV Shows
4
Survivor Journey Challenge
5
5-to-1: Television Doctors
6
7-to-1: TV Show Settings
7
Adjectives in 10s TV Shows
8
5-to-1: Streaming Originals
9
Survivor Seasons
10
Adjectives in 70s TV Shows
Explore More
Trending Topics
Marvel
Harry Potter
Disney
Crossword
Kpop
Anime
NBA
Song
Puzzle
Country
NFL
Pokémon
Soccer
WWE
The Office
hide this ad
More By:
Neville
Quiz
Plays
Rating
Category
Featured
Created
Biblical Couples
22,696
4.54
Religion
Feb 16, 2010
Book of Genesis Trivia
4,176
4.22
Religion
Jun 17, 2010
Ancient Rome Timeline
1,683
4.17
History
Jul 1, 2010
'A' in the Bible
1,016
4.57
Religion
Mar 4, 2010
Star Trek (2009)
881
5.00
Movies
Feb 26, 2010
Go to Creator's Profile
Score Distribution
Quiz Creator Spotlight
Neville
Follow
Send a Message
Quizzes Created
-
Created Quiz Play Count
-
More By This Creator
Popular Quizzes Today
1
Find the US States - No Outlines Minefield
2
Find the Countries of Europe - No Outlines Minefield
3
The Countries of the World
4
Find the US States
5
Risky Map Clicking: Biggest States A-Z
6
US States
7
Popular People in 1961
8
Movies - When Are They Set?
More Television Quizzes
Chandler's Sarcasm VI
Quiz Lab
Trending Quizzes
Risky Map Clicking: Least Populous States A-Z
Billboard Blitz: Aretha Franklin
Famous Russians: Author or Composer?
1-10 Letter G Words
Countries of the World: 200 Million BC
Recently Updated
Leaping Animals
pecheneg
Reality TV Shows (A-Z)
bhenderson79
Rickey Henderson's Hall of Fame Teammates
pecheneg
Champions League XIs: Arsenal
pecheneg
Quick Pick: Celebrities in WWE's Hall of Fame
aduchscher
A-Z Keypad Blitz II
pecheneg
Multiple Oscar Actors
pecheneg
Mystery Phrase Blitz: Oscar 'Best Actors'
pecheneg
F. Scott Fitzgerald Novels
LTH
Pick 3 Villains
ddd62291
Trending Topics
Harry Potter
Marvel
Crossword
Disney
Kpop
Anime
NBA
NFL
Puzzle
Country
Song
WWE
Soccer
The Office
Pokémon
Your Account Isn't Verified!
In order to create a playlist on Sporcle, you need to verify the email address you used during registration. Go to your
Sporcle Settings
to finish the process.
Report this User
Report this user for behavior that violates our
Community Guidelines
.
Details:
Send Report
Go to the Sporcle.com Mobile Site →
Comments